00636nam a2200229 a 4500001001300000003000900013005001700022008004100039020001000080082001700090100002000107245002400127260003400151300000900185500003500194505001000229650002000239902000800259942000700267952011700274999001500391nice12345678IN_TiNIC20260116012237.0050524s1960 boma grp 000 0 eng  ac10000a335.454bOVE aOverstreet, G D aCommunism in India. aBombaybPerennial Pressc1960 a603p aincludes index and biblioraphy2 aIndex aCommunism-India bSRS cBK 001040708StackRoom-aHMIbHMId2007-05-01g100.00l0o335.454 OVEp09845r2007-05-01v100.00w2005-05-24yBK c6217d6217